20th century literary criticism : (Record no. 20605)

MARC details
000 -LEADER
fixed length control field 01454cam a22003135a 4500
001 - CONTROL NUMBER
control field 2190194
003 - CONTROL NUMBER IDENTIFIER
control field EG-ScBUE
005 - DATE AND TIME OF LATEST TRANSACTION
control field 20200209110744.0
008 - FIXED-LENGTH DATA ELEMENTS--GENERAL INFORMATION
fixed length control field 730222s2013 enk f b 001 0 eng d
020 ## - INTERNATIONAL STANDARD BOOK NUMBER
International Standard Book Number 0582484227
020 ## - INTERNATIONAL STANDARD BOOK NUMBER
International Standard Book Number 9780582484221
040 ## - CATALOGING SOURCE
Original cataloging agency DLC
Language of cataloging eng
Description conventions rda
Transcribing agency DLC
Modifying agency EG-ScBUE
-- EG-ScBUE
082 04 - DEWEY DECIMAL CLASSIFICATION NUMBER
Classification number 801.950904
Item number TWE
Edition number 22
245 10 - TITLE STATEMENT
Title 20th century literary criticism :
Remainder of title a reader /
Statement of responsibility, etc edited by David Lodge.
246 3# - VARYING FORM OF TITLE
Title proper/short title Twentieth century literary criticism :
Remainder of title a reader
264 #1 - PUBLICATION, DISTRIBUTION, ETC. (IMPRINT)
Place of publication, distribution, etc Milton Park, Abingdon, Oxon ;
-- New York :
Name of publisher, distributor, etc Routledge, Taylor and Francis Group,
Date of publication, distribution, etc 2013.
300 ## - PHYSICAL DESCRIPTION
Extent xx, 683 pages ;
Dimensions 24 cm
336 ## - CONTENT TYPE
Source rdacontent
Content type term text
Content type code txt
337 ## - MEDIA TYPE
Source rdamedia
Media type term unmediated
Media type code n
338 ## - CARRIER TYPE
Source rdacarrier
Carrier type term volume
Carrier type code nc
500 ## - GENERAL NOTE
General note Originally Published by : Pearson Education Limited, 1972.
504 ## - BIBLIOGRAPHY, ETC. NOTE
Bibliography, etc Includes bibliographical references and index.
520 ## - SUMMARY, ETC.
Summary, etc Twentieth-Century Literary Criticism is an anthology of key representative works by fifty leading modern literary critics writing before the structuralist revolution. The critics collected together in this volume have been drawn from England, America and Europe, and each essay has been prefaced by an editor's introduction.
650 #7 - SUBJECT ADDED ENTRY--TOPICAL TERM
Topical term or geographic name as entry element Literature
General subdivision History and criticism.
Source of heading or term BUEsh
9 (RLIN) 30809
653 ## - INDEX TERM--UNCONTROLLED
Arrived date list August2015
-- November2015
Resource For college Humanities: English
655 ## - INDEX TERM--GENRE/FORM
Form subdivision Reading book
700 1# - ADDED ENTRY--PERSONAL NAME
Personal name Lodge, David,
Dates associated with a name 1935-
Relator term editor.
9 (RLIN) 5272
942 ## - ADDED ENTRY ELEMENTS (KOHA)
Source of classification or shelving scheme Dewey Decimal Classification
Call number prefix 801.950904 TWE
Koha item type Book - Borrowing
Holdings
Withdrawn status Lost status Source of classification or shelving scheme Damaged status Not for loan Home library Current library Shelving location Date acquired Source of acquisition Cost, normal purchase price Serial Enumeration / chronology Total Checkouts Full call number Barcode Date last seen Cost, replacement price Koha item type
    Dewey Decimal Classification     Central Library Central Library Second Floor 19/08/2015 Purchase 418.00 21782   801.950904 CEN 000030705 15/07/2025 523.00 Book - Borrowing